<?xml version="1.0" encoding="UTF-8"?>
<record
    xmlns:xsi="http://www.w3.org/2001/XMLSchema-instance"
    xsi:schemaLocation="http://www.loc.gov/MARC21/slim http://www.loc.gov/standards/marcxml/schema/MARC21slim.xsd"
    xmlns="http://www.loc.gov/MARC21/slim">

  <leader>02274    a2200277   4500</leader>
  <controlfield tag="001">54742</controlfield>
  <controlfield tag="005">20260407155823.0</controlfield>
  <controlfield tag="008">260407a1970    arg                 spa d</controlfield>
  <controlfield tag="003">AR-UNSa-BCEJYS</controlfield>
  <datafield tag="040" ind1=" " ind2=" ">
    <subfield code="a">AR-UNSa-BCEJYS</subfield>
    <subfield code="b">spa</subfield>
    <subfield code="c">AR-UNSa-BCEJYS</subfield>
  </datafield>
  <datafield tag="080" ind1=" " ind2=" ">
    <subfield code="a">338</subfield>
    <subfield code="x">Situaci&#xF3;n econ&#xF3;mica. Pol&#xED;tica econ&#xF3;mica. Gesti&#xF3;n de la econom&#xED;a. Planificaci&#xF3;n de la econom&#xED;a. Producci&#xF3;n. Servicios. Precios</subfield>
  </datafield>
  <datafield tag="245" ind1="1" ind2="0">
    <subfield code="a">Estudio socioecon&#xF3;mico de Andalucia</subfield>
  </datafield>
  <datafield tag="264" ind1=" " ind2="1">
    <subfield code="a">Madrid :</subfield>
    <subfield code="b">Instituto de Desarrollo Econ&#xF3;mico</subfield>
    <subfield code="c">1970</subfield>
  </datafield>
  <datafield tag="300" ind1=" " ind2=" ">
    <subfield code="a">3 v.</subfield>
    <subfield code="c">21 cm.</subfield>
  </datafield>
  <datafield tag="505" ind1=" " ind2=" ">
    <subfield code="a">TOMO I: 1. Introducci&#xF3;n &#x2013; 2. Aspectos b&#xE1;sicos de la situaci&#xF3;n socioecon&#xF3;mica de Andaluc&#xED;a en el quinquenio 196-1965 &#x2013; 3. Precisiones metodol&#xF3;gicas &#x2013; 4. An&#xE1;lisis variables b&#xE1;sicas &#x2013; 5. Los medios rural y urbano &#x2013; 6. Clases sociales subjetivas &#x2013; 7. Clases sociales objetivas &#x2013; 8. Distribuci&#xF3;n de la renta &#x2013; 9. La emigraci&#xF3;n en origen &#x2013; 10. La mentalidad tradicional - - TOMO II: 1. Observaciones generales: obst&#xE1;culos a la investigaci&#xF3;n sociedad en Andaluc&#xED;a &#x2013; 2. Poblaci&#xF3;n y migraciones &#x2013; 3. La poblaci&#xF3;n como factor de la oferta de trabajo &#x2013; 4. Desempleo &#x2013; 5. Vivienda &#x2013; 6. Sanidad &#x2013; 7. Educaci&#xF3;n &#x2013; 8. Ingresos y h&#xE1;bitos de consumo y ahorro - - TOMO III: Primera Parte: EL SECTOR AGRARIO: 1. Introducci&#xF3;n &#x2013; 2. La agricultura andaluza y el desarrollo socioecon&#xF3;mico &#x2013; 3. Condiciones naturales y t&#xE9;cnicas para la producci&#xF3;n agr&#xED;cola &#x2013; 4. Estructura social y rural y r&#xE9;gimen de tendencia de la tierra &#x2013; 5. Problemas econ&#xF3;micos de las explotaciones y de la comercializaci&#xF3;n agr&#xED;cola &#x2013; 6. Estructura de los organismos &#x2013; 7. Relaciones entre industrias y agricultura &#x2013; 8. Problemas de los municipios rurales &#x2013; 9. Perspectivas para el futuro &#x2013; 10. Educaci&#xF3;n e investigaci&#xF3;n - - Segunda Parte: FACTORES GEOGRAFICOSEN EL DESARROLLO DE ANDALUCIA: 1. Los factores naturales &#x2013; 2. Regiones geogr&#xE1;ficas &#x2013; 3. E hombre y la econom&#xED;a. </subfield>
  </datafield>
  <datafield tag="041" ind1=" " ind2=" ">
    <subfield code="a">spa</subfield>
  </datafield>
  <datafield tag="942" ind1=" " ind2=" ">
    <subfield code="c">BK</subfield>
  </datafield>
  <datafield tag="590" ind1=" " ind2=" ">
    <subfield code="a">niveau_biblio:m niveau_hierar:0</subfield>
  </datafield>
  <datafield tag="100" ind1="1" ind2=" ">
    <subfield code="a">Murillo, Francisco</subfield>
  </datafield>
  <datafield tag="700" ind1="1" ind2=" ">
    <subfield code="a">Varela, Gregorio</subfield>
  </datafield>
  <datafield tag="700" ind1="1" ind2=" ">
    <subfield code="a">JIm&#xE9;nez Blanco, Jos&#xE9;</subfield>
  </datafield>
  <datafield tag="700" ind1="1" ind2=" ">
    <subfield code="a">Garcia Barbancho, Alfonso</subfield>
  </datafield>
  <datafield tag="700" ind1="1" ind2=" ">
    <subfield code="a">Bosque, Joaquin</subfield>
  </datafield>
  <datafield tag="700" ind1="1" ind2=" ">
    <subfield code="a">Linz, Juan J,</subfield>
  </datafield>
  <datafield tag="700" ind1="1" ind2=" ">
    <subfield code="a">Kade</subfield>
  </datafield>
  <datafield tag="999" ind1=" " ind2=" ">
    <subfield code="c">5764</subfield>
    <subfield code="d">5764</subfield>
  </datafield>
  <datafield tag="952" ind1=" " ind2=" ">
    <subfield code="0">0</subfield>
    <subfield code="1">0</subfield>
    <subfield code="4">0</subfield>
    <subfield code="7">0</subfield>
    <subfield code="a">BCEJYS</subfield>
    <subfield code="b">BCEJYS</subfield>
    <subfield code="c">16</subfield>
    <subfield code="d">2026-04-07</subfield>
    <subfield code="l">0</subfield>
    <subfield code="o">338 E82 v.1</subfield>
    <subfield code="p">L58101</subfield>
    <subfield code="r">2026-04-07 15:58:23</subfield>
    <subfield code="w">2026-04-07</subfield>
    <subfield code="y">L</subfield>
  </datafield>
  <datafield tag="952" ind1=" " ind2=" ">
    <subfield code="0">0</subfield>
    <subfield code="1">0</subfield>
    <subfield code="4">0</subfield>
    <subfield code="7">0</subfield>
    <subfield code="a">BCEJYS</subfield>
    <subfield code="b">BCEJYS</subfield>
    <subfield code="c">16</subfield>
    <subfield code="d">2026-04-07</subfield>
    <subfield code="l">0</subfield>
    <subfield code="o">338 E82 v.2</subfield>
    <subfield code="p">L58102</subfield>
    <subfield code="r">2026-04-07 15:58:23</subfield>
    <subfield code="w">2026-04-07</subfield>
    <subfield code="y">L</subfield>
  </datafield>
  <datafield tag="952" ind1=" " ind2=" ">
    <subfield code="0">0</subfield>
    <subfield code="1">0</subfield>
    <subfield code="4">0</subfield>
    <subfield code="7">0</subfield>
    <subfield code="a">BCEJYS</subfield>
    <subfield code="b">BCEJYS</subfield>
    <subfield code="c">16</subfield>
    <subfield code="d">2026-04-07</subfield>
    <subfield code="l">0</subfield>
    <subfield code="o">338 E82 v.3</subfield>
    <subfield code="p">L58103</subfield>
    <subfield code="r">2026-04-07 15:58:23</subfield>
    <subfield code="w">2026-04-07</subfield>
    <subfield code="y">L</subfield>
  </datafield>
</record>
